<?xml version="1.0" encoding="UTF-8" ?>
<collection xmlns="http://www.loc.gov/MARC21/slim"><record><leader>01345nam a2200301   4500</leader><controlfield tag="001">230968</controlfield><controlfield tag="003">CH-000273-5</controlfield><controlfield tag="005">20250820143324.0</controlfield><datafield tag="020" ind1=" " ind2=" "><subfield code="a">978-3-03942-236-4</subfield></datafield><datafield tag="040" ind1=" " ind2=" "><subfield code="a">CH-000273-5</subfield><subfield code="b">ger</subfield><subfield code="e">rda</subfield></datafield><datafield tag="041" ind1="1" ind2=" "><subfield code="a">ger</subfield><subfield code="h">fre</subfield></datafield><datafield tag="240" ind1="1" ind2="0"><subfield code="a">Vallotton - Manguin - Hahnloser</subfield></datafield><datafield tag="245" ind1="0" ind2="0"><subfield code="a">Vallotton - Manguin - Hahnloser</subfield><subfield code="b">Briefwechsel 1908–1928</subfield><subfield code="c">herausgegeben von Margrit Hahnloser-Ingold und Valérie Sauterel ; Briefe übersetzt von Hubertus von Gremmingen ; Einführung von Margrit Hahnloser-Ingold</subfield></datafield><datafield tag="264" ind1=" " ind2="1"><subfield code="a">Zürich</subfield><subfield code="b">Scheidegger &amp; Spiess</subfield><subfield code="c">[2025]</subfield></datafield><datafield tag="300" ind1=" " ind2=" "><subfield code="a">655 Seiten</subfield><subfield code="b">Illustrationen</subfield><subfield code="c">20 cm</subfield></datafield><datafield tag="336" ind1=" " ind2=" "><subfield code="a">Text</subfield><subfield code="b">txt</subfield><subfield code="2">rdacontent</subfield></datafield><datafield tag="337" ind1=" " ind2=" "><subfield code="a">ohne Hilfsmittel zu benutzen</subfield><subfield code="b">n</subfield><subfield code="2">rdamedia</subfield></datafield><datafield tag="338" ind1=" " ind2=" "><subfield code="a">Band</subfield><subfield code="b">nc</subfield><subfield code="2">rdacarrier</subfield></datafield><datafield tag="650" ind1=" " ind2="7"><subfield code="a">Kunstbetrieb</subfield><subfield code="x">Kunst</subfield><subfield code="x">Sammlung</subfield><subfield code="y">Geschichte 1908-1928</subfield><subfield code="2">gnd</subfield></datafield><datafield tag="655" ind1=" " ind2="7"><subfield code="a">Briefsammlung</subfield><subfield code="2">gnd-content</subfield></datafield><datafield tag="700" ind1="1" ind2=" "><subfield code="a">Vallotton, Félix</subfield><subfield code="d">1865-1925</subfield><subfield code="e">Verfasser</subfield><subfield code="4">aut</subfield></datafield><datafield tag="700" ind1="1" ind2=" "><subfield code="a">Manguin, Henri</subfield><subfield code="d">1874-1949</subfield><subfield code="e">Verfasser</subfield><subfield code="4">aut</subfield></datafield><datafield tag="700" ind1="1" ind2=" "><subfield code="a">Hahnloser-Bühler, Hedy </subfield><subfield code="d">1873-1952</subfield><subfield code="4">aut</subfield><subfield code="e">Verfasser</subfield></datafield><datafield tag="700" ind1="1" ind2=" "><subfield code="a">Hahnloser-Bühler, Arthur</subfield><subfield code="d">1870-1936</subfield><subfield code="e">Verfasser</subfield><subfield code="4">aut</subfield></datafield><datafield tag="700" ind1="1" ind2=" "><subfield code="a">Hahnloser-Ingold, Margrit </subfield><subfield code="d">1940-</subfield><subfield code="e">Herausgeber</subfield><subfield code="4">edt</subfield><subfield code="e">Verfasser einer Einleitung</subfield><subfield code="4">win</subfield></datafield><datafield tag="700" ind1="1" ind2=" "><subfield code="a">Sauterel, Valérie</subfield><subfield code="e">Herausgeber</subfield><subfield code="4">edt</subfield></datafield><datafield tag="700" ind1="1" ind2=" "><subfield code="a">Gremmingen, Hubertus von </subfield><subfield code="d">1945-</subfield><subfield code="e">Übersetzer</subfield><subfield code="4">trl</subfield></datafield><datafield tag="852" ind1="4" ind2=" "><subfield code="a">CH-000273-5</subfield><subfield code="c">A 2025/0093</subfield></datafield></record></collection>